RLCS World Champions - Statistics

General Stats
  • This quiz has been taken 177 times
  • The average score is 20 of 27
Answer Stats
Hint Answer % Correct
NRG Esports jstn.
93%
Team BDS M0nkey M00n
93%
Cloud9 SquishyMuffinz
87%
Kaydop
86%
Kaydop
86%
Kaydop
86%
GarrettG
85%
Turbopolsa
84%
Gale Force eSports Turbopolsa
84%
Dignitas Turbopolsa
84%
Turbopolsa
84%
Renalut Vitality Fairy Peak!
83%
Scrub Killa
82%
Seikoo
80%
Extra
78%
kuxir97
76%
ViolentPanda
74%
ViolentPanda
74%
iBuyPower Cosmic Kronovi
72%
Torment
72%
Gimmick
67%
0ver Zer0
58%
Deevo
55%
FlipSid3 Tactics Markydooda
53%
Lachinio
44%
Northern Gaming remkoe
42%
gReazymeister
36%
No matching quizzes found
Score Distribution
Percent of People with Each Score
Percentile by Number Answered
Your Score History
You have not taken this quiz